02658nam a22003854a 4500001001200000003000800012006001900020007001500039008004100054020003500095040002100130035002100151043001200172050002400184082002000208245011300228250001200341260005700353300002400410500010900434504006600543505111000609533015201719650003901871650004101910650002001951650002501971655002901996700002102025700002602046710001702072730004002089856012602129999001702255ebr10236614CaPaEBRm o u cr cn|||||||||140717s2004 enka sb 001 0 eng  z0632064692 (pbk. : alk. paper) aCaPaEBRcCaPaEBR a(OCoLC)299803442 ae-uk---14aRT85.5b.A25 2004eb04a610.73/06/922200aAccountability in nursing and midwiferyh[electronic resource] /cedited by Stephen Tilley and Roger Watson. a2nd ed. aOxford ;aMalden, Mass. :bBlackwell Science,c2004. axiv, 223 p. :bill. aRev. ed. of: Accountability in nursing practice / edited by Roger Watson. London : Chapman & Hall, 1995. aIncludes bibliographical references (p. [198]-215) and index.0 aIntroduction / Roger Watson and Stephen Tilley -- The development of nursing as an accountable profession / Susan Mcgann -- Accountability and clinical governance in nursing : a critical overview of the topic / Kerry Jacobs -- Accountability and clinical governance / Roger Watson -- The legal accountability of the nurse / John Tingle -- Accountability and clinical governance : a policy perspective / Tracey Heath -- Accountability in NHS trusts / Stephen Knight and Tony Hostick -- Accountability and clinical governance in nursing : a manager's perspective / Linda Pollock -- Working with children : accountability and paediatric nursing / Gosia Brykczy�nska -- Accountability and clinical governance in learning disability nursing / Bob Gates, Mick Wolverson and Jane Wray -- Where does the buck stop? : accountability in midwifery / Rosemary Mander -- Accountability in community nursing / Sarah Baggaley with Alison Bryans -- Clinical governance, accountability and mental health nursing: an emergent story / Stephen Tilley -- Accountability in nursing research / Alison Tierney and Roger Watson. aElectronic reproduction.bPalo Alto, Calif. :cebrary,d2014.nAvailable via World Wide Web.nAccess may be limited to ebrary affiliated libraries. 0aNursingxStandardszGreat Britain. 0aMidwiferyxStandardszGreat Britain. 0aResponsibility. 0aClinical competence. 7aElectronic books.2local1 aTilley, Stephen.1 aWatson, Roger,d1955-2 aebrary, Inc.0 aAccountability in nursing practice.40uhttp://site.ebrary.com/lib/rucke/Doc?id=10236614zAn electronic book accessible through the World Wide Web; click to view c36499d36499